[Event "2019 Welsh Chess Championship"]
[Site "Cardiff"]
[Date "2019.04.21"]
[Round "5.10"]
[White "Jones, Derek"]
[Black "Rathbone-Jones, Ifan"]
[Result "1-0"]
[WhiteElo "1925"]
[BlackElo "1854"]
[PlyCount "93"]
[EventDate "2019.04.19"]
[EventType "swiss"]
[EventRounds "7"]
[EventCountry "WLS"]

1. Nf3 {[%emt 0:00:10]} d5 {[%emt 0:00:12]} 2. c4 {[%emt 0:00:10]} d4 {[%emt 0:
00:36]} 3. d3 {[%emt 0:00:12]} c5 {[%emt 0:00:20]} 4. g3 {[%emt 0:00:05]} Nc6 {
[%emt 0:00:07]} 5. Bg2 {[%emt 0:00:07]} g6 {[%emt 0:01:03]} 6. O-O {[%emt 0:00:
10]} Bg7 {[%emt 0:00:06]} 7. a3 {[%emt 0:04:14]} e5 {[%emt 0:02:18]} 8. b4 {
[%emt 0:00:40]} Qc7 {[%emt 0:02:49]} 9. bxc5 {[%emt 0:01:39]} f5 {[%emt 0:00:
26]} 10. Ra2 {[%emt 0:02:50]} Nf6 {[%emt 0:07:44]} 11. e3 {[%emt 0:00:55]} O-O
{[%emt 0:01:36]} 12. exd4 {[%emt 0:00:18]} Nxd4 {[%emt 0:00:15]} 13. Nxd4 {
[%emt 0:00:31]} exd4 {[%emt 0:00:07]} 14. Qb3 {[%emt 0:08:17]} Qxc5 {[%emt 0:
02:38]} 15. a4 {[%emt 0:03:47]} Qb6 {[%emt 0:04:16]} 16. Qc2 {[%emt 0:02:31]}
a5 {[%emt 0:16:01]} 17. Re1 {[%emt 0:00:46]} Kh8 {[%emt 0:08:57]} 18. Rb2 {
[%emt 0:04:38]} Qc7 {[%emt 0:06:57]} 19. Na3 {[%emt 0:00:46]} Nh5 {[%emt 0:02:
33]} 20. Nb5 {[%emt 0:10:56]} Qd7 {[%emt 0:01:02]} 21. f4 {[%emt 0:03:37]} Nf6
{[%emt 0:02:30]} 22. h3 {[%emt 0:00:13]} Ra6 {[%emt 0:01:00]} 23. Qf2 {[%emt 0:
01:26]} Ne8 {[%emt 0:01:45]} 24. Rbe2 {[%emt 0:00:50]} Bf6 {[%emt 0:01:55]} 25.
Ba3 {[%emt 0:00:39]} Nd6 {[%emt 0:00:40]} 26. Nxd6 {[%emt 0:01:55]} Rxd6 {
[%emt 0:00:15]} 27. Bxd6 {[%emt 0:00:23]} Qxd6 {[%emt 0:00:09]} 28. Re8 {
[%emt 0:03:48]} Kg7 {[%emt 0:03:06]} 29. Rxf8 {[%emt 0:00:32]} Kxf8 {[%emt 0:
00:17]} 30. Qb2 {[%emt 0:03:54]} Qb4 {[%emt 0:04:24]} 31. Qxb4+ {[%emt 0:02:28]
} axb4 {[%emt 0:00:07]} 32. Bd5 {[%emt 0:03:53]} Bd7 {[%emt 0:06:38]} 33. a5 {
[%emt 0:02:26]} Bd8 {[%emt 0:03:23]} 34. Ra1 {[%emt 0:02:08]} b3 {[%emt 0:03:
37]} 35. Bxb7 {[%emt 0:00:38]} Bxa5 {[%emt 0:00:07]} 36. c5 {[%emt 0:06:37]}
Bc7 {[%emt 0:06:28]} 37. Bd5 {[%emt 0:00:58]} Bb5 {[%emt 0:00:13]} 38. Bxb3 {
[%emt 0:00:37]} Bxd3 {[%emt 0:00:30]} 39. Rd1 {[%emt 0:00:14]} Be4 {[%emt 0:01:
27]} 40. Rxd4 {[%emt 0:02:51]} Ba5 {[%emt 0:01:07]} 41. Kf1 {[%emt 0:00:58]}
Bc3 {[%emt 0:00:20]} 42. Rd7 {[%emt 0:01:39]} Bb4 {[%emt 0:02:20]} 43. Rf7+ {
[%emt 0:00:39]} Ke8 {[%emt 0:00:13]} 44. Rxh7 {[%emt 0:00:12]} Bd3+ {[%emt 0:
00:19]} 45. Kg2 {[%emt 0:00:23]} Bxc5 {[%emt 0:00:55]} 46. Bf7+ {[%emt 0:00:29]
} Ke7 {[%emt 0:00:06]} 47. Bc4+ {[%emt 0:00:36]} 1-0

[Event "2019 Welsh Chess Championship"]
[Site "Cardiff"]
[Date "2019.04.22"]
[Round "6.1"]
[White "Garcia, Jason"]
[Black "Kett, Tim"]
[Result "1/2-1/2"]
[WhiteElo "2024"]
[BlackElo "2197"]
[PlyCount "48"]
[EventDate "2019.04.19"]
[EventType "swiss"]
[EventRounds "7"]
[EventCountry "WLS"]

1. e4 {[%emt 0:00:02]} e5 {[%emt 0:00:17]} 2. Nf3 {[%emt 0:00:12]} Nc6 {
[%emt 0:00:04]} 3. Nc3 {[%emt 0:00:13]} Nf6 {[%emt 0:00:06]} 4. d4 {[%emt 0:00:
07]} exd4 {[%emt 0:00:05]} 5. Nxd4 {[%emt 0:00:05]} Bb4 {[%emt 0:00:04]} 6.
Nxc6 {[%emt 0:00:13]} bxc6 {[%emt 0:00:04]} 7. Bd3 {[%emt 0:00:04]} d5 {
[%emt 0:00:14]} 8. exd5 {[%emt 0:00:05]} cxd5 {[%emt 0:00:12]} 9. O-O {[%emt 0:
00:06]} O-O {[%emt 0:00:07]} 10. Bg5 {[%emt 0:00:04]} c6 {[%emt 0:00:07]} 11.
Na4 {[%emt 0:00:18]} h6 {[%emt 0:00:33]} 12. Bh4 {[%emt 0:00:04]} Bd6 {[%emt 0:
01:10]} 13. c4 {[%emt 0:01:21]} Be5 {[%emt 0:07:18]} 14. Re1 {[%emt 0:11:08]}
Qd6 {[%emt 0:04:42]} 15. Bg3 {[%emt 0:01:14]} Bxg3 {[%emt 0:00:24]} 16. hxg3 {
[%emt 0:00:31]} d4 {[%emt 0:05:28]} 17. c5 {[%emt 0:06:54]} Qd5 {[%emt 0:03:13]
} 18. Qf3 {[%emt 0:03:17]} Be6 {[%emt 0:06:03]} 19. b3 {[%emt 0:16:33]} Qxf3 {
[%emt 0:11:58]} 20. gxf3 {[%emt 0:00:04]} Rad8 {[%emt 0:00:08]} 21. Nb2 {
[%emt 0:17:25]} Bd5 {[%emt 0:13:15]} 22. Be4 {[%emt 0:03:53]} Rfe8 {[%emt 0:06:
46]} 23. Bxd5 {[%emt 0:01:01]} Nxd5 {[%emt 0:00:12]} 24. Nd3 {[%emt 0:01:33]}
a5 {[%emt 0:02:34]} 1/2-1/2

[Event "2019 Welsh Chess Championship"]
[Site "Cardiff"]
[Date "2019.04.22"]
[Round "6.2"]
[White "Camp, Imogen A L"]
[Black "Brown, Thomas"]
[Result "1/2-1/2"]
[WhiteElo "1827"]
[BlackElo "2079"]
[PlyCount "64"]
[EventDate "2019.04.19"]
[EventType "swiss"]
[EventRounds "7"]
[EventCountry "WLS"]

1. d4 {[%emt 0:00:01]} Nf6 {[%emt 0:00:12]} 2. c4 {[%emt 0:00:05]} g6 {[%emt 0:
00:12]} 3. Nc3 {[%emt 0:00:04]} Bg7 {[%emt 0:00:07]} 4. e4 {[%emt 0:00:04]} d6
{[%emt 0:00:08]} 5. Nf3 {[%emt 0:00:04]} O-O {[%emt 0:00:20]} 6. Be2 {[%emt 0:
00:08]} Na6 {[%emt 0:01:17]} 7. O-O {[%emt 0:00:55]} e5 {[%emt 0:01:05]} 8. Be3
{[%emt 0:03:11]} c6 {[%emt 0:05:24]} 9. Ne1 {[%emt 0:13:31]} exd4 {[%emt 0:05:
09]} 10. Bxd4 {[%emt 0:00:23]} Re8 {[%emt 0:03:05]} 11. f3 {[%emt 0:03:45]} Nc7
{[%emt 0:01:39]} 12. Nc2 {[%emt 0:08:40]} d5 {[%emt 0:09:57]} 13. cxd5 {
[%emt 0:05:45]} cxd5 {[%emt 0:00:20]} 14. e5 {[%emt 0:04:45]} Nd7 {[%emt 0:00:
54]} 15. f4 {[%emt 0:00:30]} f6 {[%emt 0:00:37]} 16. exf6 {[%emt 0:02:24]} Nxf6
{[%emt 0:00:35]} 17. Bf3 {[%emt 0:12:28]} Bf5 {[%emt 0:04:24]} 18. Ne3 {
[%emt 0:03:21]} Be4 {[%emt 0:07:30]} 19. Nxe4 {[%emt 0:03:30]} dxe4 {[%emt 0:
01:29]} 20. Be2 {[%emt 0:03:53]} Ne6 {[%emt 0:02:27]} 21. Be5 {[%emt 0:02:12]}
Qb6 {[%emt 0:01:36]} 22. Qb3 {[%emt 0:05:56]} Nd7 {[%emt 0:10:19]} 23. Qxb6 {
[%emt 0:04:34]} Nxb6 {[%emt 0:00:22]} 24. Bxg7 {[%emt 0:01:34]} Kxg7 {[%emt 0:
01:23]} 25. f5 {[%emt 0:09:15]} Nd4 {[%emt 0:02:49]} 26. Bg4 {[%emt 0:01:51]}
gxf5 {[%emt 0:10:02]} 27. Bxf5 {[%emt 0:04:30]} Rad8 {[%emt 0:00:42]} 28. Rad1
{[%emt 0:01:50]} Nd5 {[%emt 0:08:13]} 29. Nxd5 {[%emt 0:03:16]} Rxd5 {[%emt 0:
00:22]} 30. Rfe1 {[%emt 0:01:08]} Ne2+ {[%emt 0:19:12]} 31. Kf2 {[%emt 0:00:12]
} Rxf5+ {[%emt 0:00:08]} 32. Kxe2 {[%emt 0:00:05]} Re7 {[%emt 0:01:35]} 1/2-1/2

[Event "2019 Welsh Chess Championship"]
[Site "Cardiff"]
[Date "2019.04.22"]
[Round "6.3"]
[White "Yeo, Gareth"]
[Black "Bullen, Alex"]
[Result "1/2-1/2"]
[WhiteElo "1963"]
[BlackElo "2100"]
[PlyCount "72"]
[EventDate "2019.04.19"]
[EventType "swiss"]
[EventRounds "7"]
[EventCountry "WLS"]

1. d4 {[%emt 0:00:04]} d5 {[%emt 0:00:05]} 2. c4 {[%emt 0:00:04]} e6 {[%emt 0:
00:05]} 3. Nc3 {[%emt 0:00:03]} a6 {[%emt 0:00:07]} 4. cxd5 {[%emt 0:02:13]}
exd5 {[%emt 0:00:06]} 5. Nf3 {[%emt 0:04:00]} Nf6 {[%emt 0:00:06]} 6. Bg5 {
[%emt 0:02:43]} Be6 {[%emt 0:00:07]} 7. e3 {[%emt 0:00:37]} Nbd7 {[%emt 0:00:
05]} 8. Bd3 {[%emt 0:00:06]} Bd6 {[%emt 0:00:06]} 9. h3 {[%emt 0:02:41]} c6 {
[%emt 0:01:46]} 10. Rc1 {[%emt 0:01:50]} h6 {[%emt 0:00:31]} 11. Bf4 {[%emt 0:
00:14]} Qc7 {[%emt 0:00:30]} 12. Qd2 {[%emt 0:00:17]} O-O {[%emt 0:06:39]} 13.
O-O {[%emt 0:00:07]} Rfe8 {[%emt 0:01:30]} 14. Bxd6 {[%emt 0:00:31]} Qxd6 {
[%emt 0:00:08]} 15. b4 {[%emt 0:00:12]} b5 {[%emt 0:01:27]} 16. e4 {[%emt 0:14:
24]} dxe4 {[%emt 0:14:17]} 17. Nxe4 {[%emt 0:00:33]} Nxe4 {[%emt 0:02:08]} 18.
Bxe4 {[%emt 0:00:02]} Bc4 {[%emt 0:01:43]} 19. Rfe1 {[%emt 0:01:26]} Nb6 {
[%emt 0:00:48]} 20. Nh4 {[%emt 0:02:28]} Qf6 {[%emt 0:03:22]} 21. Nf3 {[%emt 0:
02:37]} Rad8 {[%emt 0:02:47]} 22. Rcd1 {[%emt 0:00:15]} Re6 {[%emt 0:04:56]}
23. Ne5 {[%emt 0:07:36]} Bd5 {[%emt 0:12:11]} 24. Bxd5 {[%emt 0:05:01]} Rxd5 {
[%emt 0:06:04]} 25. Qc2 {[%emt 0:11:21]} Qe7 {[%emt 0:09:27]} 26. Re3 {[%emt 0:
04:20]} Qxb4 {[%emt 0:05:46]} 27. Nxc6 {[%emt 0:00:33]} Qd6 {[%emt 0:00:20]}
28. Rxe6 {[%emt 0:01:21]} Qxe6 {[%emt 0:02:22]} 29. Ne5 {[%emt 0:00:15]} Rd8 {
[%emt 0:05:36]} 30. a3 {[%emt 0:11:57]} Rc8 {[%emt 0:00:40]} 31. Qd3 {[%emt 0:
00:29]} Nc4 {[%emt 0:01:25]} 32. Re1 {[%emt 0:00:38]} Nxe5 {[%emt 0:02:52]} 33.
Rxe5 {[%emt 0:00:11]} Qd6 {[%emt 0:00:52]} 34. Re1 {[%emt 0:06:35]} Qd5 {
[%emt 0:01:22]} 35. Re5 {[%emt 0:03:55]} Qd6 {[%emt 0:00:02]} 36. Re1 {[%emt 0:
00:12]} Qd5 {[%emt 0:06:44]} 1/2-1/2

[Event "2019 Welsh Chess Championship"]
[Site "Cardiff"]
[Date "2019.04.22"]
[Round "6.4"]
[White "Sands, David A"]
[Black "Pleasants, Allan J"]
[Result "1-0"]
[WhiteElo "2109"]
[BlackElo "2075"]
[PlyCount "63"]
[EventDate "2019.04.19"]
[EventType "swiss"]
[EventRounds "7"]
[EventCountry "WLS"]

1. d4 {[%emt 0:03:58]} g6 {[%emt 0:00:04]} 2. c4 {[%emt 0:00:12]} Bg7 {[%emt 0:
00:04]} 3. e4 {[%emt 0:00:12]} d6 {[%emt 0:00:12]} 4. Nc3 {[%emt 0:00:06]} a6 {
[%emt 0:06:03]} 5. Be3 {[%emt 0:16:14]} Nf6 {[%emt 0:05:15]} 6. h3 {[%emt 0:07:
29]} Nc6 {[%emt 0:06:15]} 7. Nf3 {[%emt 0:00:15]} O-O {[%emt 0:01:02]} 8. d5 {
[%emt 0:05:59]} Nb8 {[%emt 0:01:01]} 9. Bd3 {[%emt 0:06:00]} c6 {[%emt 0:04:54]
} 10. O-O {[%emt 0:00:27]} b5 {[%emt 0:02:43]} 11. a3 {[%emt 0:04:59]} cxd5 {
[%emt 0:12:21]} 12. cxd5 {[%emt 0:13:53]} e5 {[%emt 0:14:01]} 13. dxe6 {
[%emt 0:04:53]} fxe6 {[%emt 0:00:30]} 14. Bb1 {[%emt 0:06:50]} Nc6 {[%emt 0:10:
45]} 15. Ba2 {[%emt 0:01:05]} b4 {[%emt 0:03:58]} 16. axb4 {[%emt 0:01:11]}
Nxb4 {[%emt 0:00:10]} 17. Bb3 {[%emt 0:00:15]} Qe7 {[%emt 0:05:30]} 18. Re1 {
[%emt 0:08:51]} Kh8 {[%emt 0:03:25]} 19. Qd2 {[%emt 0:02:18]} Bb7 {[%emt 0:04:
19]} 20. Nd4 {[%emt 0:05:53]} d5 {[%emt 0:06:24]} 21. exd5 {[%emt 0:00:31]}
exd5 {[%emt 0:01:38]} 22. Bg5 {[%emt 0:00:22]} Qd6 {[%emt 0:01:42]} 23. Ne6 {
[%emt 0:00:34]} Rf7 {[%emt 0:00:43]} 24. Nxg7 {[%emt 0:00:35]} Kxg7 {[%emt 0:
01:12]} 25. Bf4 {[%emt 0:03:39]} Qd7 {[%emt 0:01:26]} 26. Rac1 {[%emt 0:01:44]}
Qf5 {[%emt 0:00:24]} 27. Re5 {[%emt 0:02:24]} Qd3 {[%emt 0:00:44]} 28. Bh6+ {
[%emt 0:00:37]} Kg8 {[%emt 0:00:18]} 29. Qe1 {[%emt 0:00:11]} Nc6 {[%emt 0:01:
07]} 30. Re3 {[%emt 0:00:32]} Qf5 {[%emt 0:00:21]} 31. Rd1 {[%emt 0:00:32]} Qh5
{[%emt 0:01:42]} 32. Nxd5 {[%emt 0:00:35]} 1-0

[Event "2019 Welsh Chess Championship"]
[Site "Cardiff"]
[Date "2019.04.22"]
[Round "6.5"]
[White "Jameson, David"]
[Black "Heaven, Pete"]
[Result "1-0"]
[WhiteElo "2081"]
[BlackElo "2017"]
[PlyCount "55"]
[EventDate "2019.04.19"]
[EventType "swiss"]
[EventRounds "7"]
[EventCountry "WLS"]

1. c3 {[%emt 0:00:09]} c5 {[%emt 0:02:29]} 2. d4 {[%emt 0:00:26]} e6 {[%emt 0:
02:28]} 3. Nf3 {[%emt 0:02:15]} d5 {[%emt 0:01:35]} 4. Bf4 {[%emt 0:01:13]} Nc6
{[%emt 0:02:09]} 5. e3 {[%emt 0:00:17]} Nf6 {[%emt 0:02:35]} 6. Nbd2 {[%emt 0:
01:24]} Nh5 {[%emt 0:04:18]} 7. Bg5 {[%emt 0:04:42]} Be7 {[%emt 0:08:19]} 8.
Bxe7 {[%emt 0:00:14]} Qxe7 {[%emt 0:01:07]} 9. Bd3 {[%emt 0:02:51]} Nf6 {
[%emt 0:11:04]} 10. O-O {[%emt 0:01:17]} O-O {[%emt 0:01:39]} 11. Ne5 {[%emt 0:
06:04]} Nxe5 {[%emt 0:03:36]} 12. dxe5 {[%emt 0:00:07]} Nd7 {[%emt 0:00:04]}
13. f4 {[%emt 0:00:35]} f6 {[%emt 0:03:08]} 14. exf6 {[%emt 0:06:23]} Nxf6 {
[%emt 0:06:34]} 15. Nf3 {[%emt 0:05:05]} Bd7 {[%emt 0:04:23]} 16. Ne5 {[%emt 0:
03:31]} Bc6 {[%emt 0:01:05]} 17. Qf3 {[%emt 0:10:15]} c4 {[%emt 0:16:20]} 18.
Bc2 {[%emt 0:01:01]} Qc5 {[%emt 0:00:04]} 19. Qh3 {[%emt 0:00:49]} Rae8 {
[%emt 0:00:43]} 20. Rad1 {[%emt 0:05:50]} Ne4 {[%emt 0:04:38]} 21. Rd4 {
[%emt 0:04:07]} b5 {[%emt 0:08:25]} 22. Rfd1 {[%emt 0:03:32]} Re7 {[%emt 0:01:
33]} 23. g4 {[%emt 0:08:52]} Qb6 {[%emt 0:03:12]} 24. Bxe4 {[%emt 0:05:48]}
dxe4 {[%emt 0:00:05]} 25. Rd6 {[%emt 0:00:07]} Rc8 {[%emt 0:01:09]} 26. g5 {
[%emt 0:02:53]} Qb7 {[%emt 0:03:15]} 27. Nxc6 {[%emt 0:05:14]} Rxc6 {[%emt 0:
00:06]} 28. Rd8+ {[%emt 0:00:04]} 1-0

[Event "2019 Welsh Chess Championship"]
[Site "Cardiff"]
[Date "2019.04.22"]
[Round "6.6"]
[White "Young, Alan"]
[Black "Fathallah, Joe"]
[Result "1-0"]
[WhiteElo "2021"]
[BlackElo "1958"]
[PlyCount "91"]
[EventDate "2019.04.19"]
[EventType "swiss"]
[EventRounds "7"]
[EventCountry "WLS"]

1. e4 {[%emt 0:33:46]} e6 {[%emt 0:00:13]} 2. d4 {[%emt 0:00:08]} d5 {[%emt 0:
00:03]} 3. Nc3 {[%emt 0:00:08]} Nf6 {[%emt 0:00:10]} 4. Bg5 {[%emt 0:00:18]}
Be7 {[%emt 0:00:08]} 5. e5 {[%emt 0:00:10]} Nfd7 {[%emt 0:00:05]} 6. h4 {
[%emt 0:00:20]} a6 {[%emt 0:00:25]} 7. Qg4 {[%emt 0:00:44]} Bxg5 {[%emt 0:00:
10]} 8. hxg5 {[%emt 0:00:10]} c5 {[%emt 0:00:09]} 9. dxc5 {[%emt 0:01:39]} Nc6
{[%emt 0:05:17]} 10. O-O-O {[%emt 0:02:20]} Ndxe5 {[%emt 0:11:29]} 11. Qg3 {
[%emt 0:00:28]} Qa5 {[%emt 0:02:44]} 12. f4 {[%emt 0:04:54]} Nc4 {[%emt 0:09:
18]} 13. Bxc4 {[%emt 0:07:40]} dxc4 {[%emt 0:00:10]} 14. g6 {[%emt 0:01:12]} f6
{[%emt 0:09:35]} 15. Rxh7 {[%emt 0:26:00]} Rg8 {[%emt 0:00:33]} 16. Kb1 {
[%emt 0:23:10]} Bd7 {[%emt 0:04:58]} 17. Nge2 {[%emt 0:13:50]} O-O-O {[%emt 0:
04:01]} 18. Ne4 {[%emt 0:01:11]} Be8 {[%emt 0:08:23]} 19. Rxd8+ {[%emt 0:03:32]
} Qxd8 {[%emt 0:01:12]} 20. Nd6+ {[%emt 0:03:55]} Kb8 {[%emt 0:03:02]} 21. f5 {
[%emt 0:00:08]} e5 {[%emt 0:07:55]} 22. Qc3 {[%emt 0:00:25]} Ne7 {[%emt 0:02:
32]} 23. Qxc4 {[%emt 0:01:50]} Bb5 {[%emt 0:04:45]} 24. Qg4 {[%emt 0:03:02]}
Nc8 {[%emt 0:02:27]} 25. Rh1 {[%emt 0:02:12]} Bxe2 {[%emt 0:04:14]} 26. Qxe2 {
[%emt 0:00:17]} Nxd6 {[%emt 0:00:44]} 27. Rd1 {[%emt 0:00:13]} Qc8 {[%emt 0:00:
35]} 28. cxd6 {[%emt 0:00:23]} Qxf5 {[%emt 0:00:26]} 29. Qc4 {[%emt 0:02:38]}
Rc8 {[%emt 0:02:30]} 30. Qb3 {[%emt 0:00:17]} Rd8 {[%emt 0:02:29]} 31. Qf7 {
[%emt 0:00:59]} Rd7 {[%emt 0:01:11]} 32. b3 {[%emt 0:00:31]} e4 {[%emt 0:03:56]
} 33. Rd5 {[%emt 0:01:18]} Rxf7 {[%emt 0:06:23]} 34. Rxf5 {[%emt 0:00:39]} Rd7
{[%emt 0:00:31]} 35. Rd5 {[%emt 0:00:15]} b5 {[%emt 0:01:12]} 36. c4 {[%emt 0:
00:22]} bxc4 {[%emt 0:00:43]} 37. bxc4 {[%emt 0:00:02]} Kb7 {[%emt 0:00:29]}
38. c5 {[%emt 0:01:18]} Kc6 {[%emt 0:01:17]} 39. Rf5 {[%emt 0:00:26]} Rb7+ {
[%emt 0:02:05]} 40. Kc2 {[%emt 0:00:17]} e3 {[%emt 0:01:10]} 41. Kd3 {[%emt 0:
02:29]} Rb2 {[%emt 0:07:04]} 42. Kxe3 {[%emt 0:00:12]} Rxg2 {[%emt 0:00:31]}
43. Rd5 {[%emt 0:02:39]} Kxd5 {[%emt 0:00:26]} 44. d7 {[%emt 0:00:14]} Kxc5 {
[%emt 0:00:14]} 45. d8=Q {[%emt 0:00:18]} Rxg6 {[%emt 0:00:13]} 46. Qd4+ {
[%emt 0:00:35]} 1-0

[Event "2019 Welsh Chess Championship"]
[Site "Cardiff"]
[Date "2019.04.22"]
[Round "6.7"]
[White "Turner, Joseph David"]
[Black "Mcgregor, John"]
[Result "0-1"]
[WhiteElo "1846"]
[BlackElo "1856"]
[PlyCount "66"]
[EventDate "2019.04.19"]
[EventType "swiss"]
[EventRounds "7"]
[EventCountry "WLS"]

1. e4 {[%emt 0:02:11]} c5 {[%emt 0:00:19]} 2. Nf3 {[%emt 0:00:23]} Nc6 {
[%emt 0:00:11]} 3. d4 {[%emt 0:00:22]} cxd4 {[%emt 0:00:08]} 4. Nxd4 {[%emt 0:
00:04]} Nf6 {[%emt 0:00:08]} 5. Nc3 {[%emt 0:00:14]} e5 {[%emt 0:00:12]} 6.
Ndb5 {[%emt 0:00:10]} d6 {[%emt 0:00:36]} 7. Nd5 {[%emt 0:00:31]} Nxd5 {
[%emt 0:00:26]} 8. exd5 {[%emt 0:01:59]} Nb8 {[%emt 0:00:10]} 9. g4 {[%emt 0:
06:49]} Be7 {[%emt 0:01:30]} 10. Bd3 {[%emt 0:06:46]} a6 {[%emt 0:00:45]} 11.
Nc3 {[%emt 0:00:25]} O-O {[%emt 0:00:54]} 12. Qf3 {[%emt 0:05:44]} Bg5 {
[%emt 0:07:07]} 13. h4 {[%emt 0:26:39]} Bxc1 {[%emt 0:01:20]} 14. Rxc1 {
[%emt 0:00:07]} Nd7 {[%emt 0:06:19]} 15. g5 {[%emt 0:18:26]} Nc5 {[%emt 0:03:
32]} 16. Be2 {[%emt 0:04:41]} f5 {[%emt 0:18:12]} 17. b4 {[%emt 0:03:36]} Ne4 {
[%emt 0:01:07]} 18. Nxe4 {[%emt 0:00:56]} fxe4 {[%emt 0:00:06]} 19. Qxe4 {
[%emt 0:00:13]} Qb6 {[%emt 0:02:51]} 20. Qe3 {[%emt 0:05:24]} Qxb4+ {[%emt 0:
02:25]} 21. c3 {[%emt 0:00:44]} Qa4 {[%emt 0:08:08]} 22. Qd2 {[%emt 0:01:23]}
Qe4 {[%emt 0:02:55]} 23. Rh2 {[%emt 0:00:33]} Rf4 {[%emt 0:04:49]} 24. h5 {
[%emt 0:01:45]} Bg4 {[%emt 0:02:33]} 25. c4 {[%emt 0:06:19]} Bxe2 {[%emt 0:01:
57]} 26. Qxe2 {[%emt 0:00:08]} Qf5 {[%emt 0:00:13]} 27. Rc3 {[%emt 0:01:07]}
Rf8 {[%emt 0:05:35]} 28. g6 {[%emt 0:01:25]} Qb1+ {[%emt 0:06:46]} 29. Kd2 {
[%emt 0:00:37]} Qb2+ {[%emt 0:00:38]} 30. Rc2 {[%emt 0:00:25]} Qd4+ {[%emt 0:
00:43]} 31. Kc1 {[%emt 0:00:30]} Qa1+ {[%emt 0:02:05]} 32. Kd2 {[%emt 0:00:02]}
Rd4+ {[%emt 0:00:08]} 33. Ke3 {[%emt 0:00:17]} Re4+ {[%emt 0:02:22]} 0-1

[Event "2019 Welsh Chess Championship"]
[Site "Cardiff"]
[Date "2019.04.22"]
[Round "6.8"]
[White "Van Kemenade, Rudy"]
[Black "Guha, Chirag"]
[Result "1-0"]
[WhiteElo "1925"]
[BlackElo "1941"]
[PlyCount "99"]
[EventDate "2019.04.19"]
[EventType "swiss"]
[EventRounds "7"]
[EventCountry "WLS"]

1. e4 {[%emt 0:00:02]} e5 {[%emt 0:00:36]} 2. Nf3 {[%emt 0:00:05]} Nc6 {
[%emt 0:00:05]} 3. Bc4 {[%emt 0:00:05]} Nf6 {[%emt 0:00:06]} 4. d3 {[%emt 0:00:
04]} Bc5 {[%emt 0:00:08]} 5. c3 {[%emt 0:00:07]} d6 {[%emt 0:01:07]} 6. O-O {
[%emt 0:00:33]} h6 {[%emt 0:00:14]} 7. Nbd2 {[%emt 0:00:07]} a6 {[%emt 0:00:46]
} 8. Bb3 {[%emt 0:00:07]} O-O {[%emt 0:00:30]} 9. h3 {[%emt 0:00:10]} Ba7 {
[%emt 0:00:28]} 10. Re1 {[%emt 0:00:38]} Nh5 {[%emt 0:00:25]} 11. Nf1 {[%emt 0:
00:06]} Qf6 {[%emt 0:00:55]} 12. Be3 {[%emt 0:00:07]} Bxe3 {[%emt 0:04:29]} 13.
fxe3 {[%emt 0:00:07]} Qd8 {[%emt 0:11:03]} 14. g4 {[%emt 0:00:56]} Nf6 {
[%emt 0:00:57]} 15. Ng3 {[%emt 0:00:13]} g6 {[%emt 0:11:45]} 16. d4 {[%emt 0:
00:43]} exd4 {[%emt 0:10:28]} 17. exd4 {[%emt 0:00:54]} d5 {[%emt 0:02:50]} 18.
e5 {[%emt 0:01:18]} Nh7 {[%emt 0:01:43]} 19. Qd2 {[%emt 0:01:19]} Kg7 {[%emt 0:
00:16]} 20. Kg2 {[%emt 0:01:22]} Be6 {[%emt 0:10:05]} 21. Bc2 {[%emt 0:00:56]}
Rh8 {[%emt 0:03:57]} 22. Rf1 {[%emt 0:03:58]} Qd7 {[%emt 0:03:35]} 23. Kh2 {
[%emt 0:01:02]} Nf8 {[%emt 0:08:25]} 24. Rg1 {[%emt 0:02:32]} Ne7 {[%emt 0:03:
30]} 25. Raf1 {[%emt 0:01:18]} h5 {[%emt 0:05:16]} 26. Nf5+ {[%emt 0:01:08]}
Kg8 {[%emt 0:05:10]} 27. Qg5 {[%emt 0:00:13]} Re8 {[%emt 0:11:24]} 28. Qf6 {
[%emt 0:00:24]} Bxf5 {[%emt 0:00:11]} 29. gxf5 {[%emt 0:00:08]} Nh7 {[%emt 0:
00:24]} 30. Qh4 {[%emt 0:01:09]} Nxf5 {[%emt 0:01:23]} 31. Bxf5 {[%emt 0:00:59]
} Qxf5 {[%emt 0:00:17]} 32. Ng5 {[%emt 0:00:06]} Qd3 {[%emt 0:02:17]} 33. Nxf7
{[%emt 0:00:23]} Rf8 {[%emt 0:01:20]} 34. e6 {[%emt 0:01:46]} Qe2+ {[%emt 0:00:
17]} 35. Rf2 {[%emt 0:00:11]} Qxe6 {[%emt 0:00:30]} 36. Nxh8 {[%emt 0:00:34]}
Rxf2+ {[%emt 0:01:18]} 37. Qxf2 {[%emt 0:00:08]} Kxh8 {[%emt 0:00:04]} 38. Qg3
{[%emt 0:00:55]} Nf8 {[%emt 0:01:05]} 39. Qe5+ {[%emt 0:00:54]} Qxe5+ {[%emt 0:
00:08]} 40. dxe5 {[%emt 0:00:05]} Kg7 {[%emt 0:00:29]} 41. Rf1 {[%emt 0:00:10]}
Ne6 {[%emt 0:02:38]} 42. h4 {[%emt 0:00:17]} c5 {[%emt 0:02:19]} 43. Rf6 {
[%emt 0:00:32]} Nc7 {[%emt 0:02:31]} 44. Rb6 {[%emt 0:00:26]} Nb5 {[%emt 0:00:
32]} 45. Rxb7+ {[%emt 0:00:07]} Kf8 {[%emt 0:00:34]} 46. a4 {[%emt 0:00:08]} d4
{[%emt 0:00:12]} 47. axb5 {[%emt 0:00:07]} dxc3 {[%emt 0:00:10]} 48. bxc3 {
[%emt 0:00:06]} axb5 {[%emt 0:00:04]} 49. Rxb5 {[%emt 0:00:08]} Ke7 {[%emt 0:
00:03]} 50. Rxc5 {[%emt 0:00:16]} 1-0